<?xml version="1.0" encoding="UTF-8"?>
<record
    xmlns:xsi="http://www.w3.org/2001/XMLSchema-instance"
    xsi:schemaLocation="http://www.loc.gov/MARC21/slim http://www.loc.gov/standards/marcxml/schema/MARC21slim.xsd"
    xmlns="http://www.loc.gov/MARC21/slim">

  <leader>00958nam a22002537a 4500</leader>
  <controlfield tag="008">240706b        mp ||||| |||| 00| 0 mon d</controlfield>
  <datafield tag="020" ind1=" " ind2=" ">
    <subfield code="a">9789997365071</subfield>
  </datafield>
  <datafield tag="035" ind1=" " ind2=" ">
    <subfield code="a">62266</subfield>
  </datafield>
  <datafield tag="040" ind1=" " ind2=" ">
    <subfield code="a">BH0164090</subfield>
    <subfield code="b">mon</subfield>
    <subfield code="c">MN-UlNLM</subfield>
    <subfield code="d">MN-UlNLM</subfield>
    <subfield code="e">rda</subfield>
  </datafield>
  <datafield tag="041" ind1=" " ind2=" ">
    <subfield code="a">mon</subfield>
  </datafield>
  <datafield tag="042" ind1=" " ind2=" ">
    <subfield code="a">188035</subfield>
  </datafield>
  <datafield tag="084" ind1=" " ind2=" ">
    <subfield code="2">NNA</subfield>
    <subfield code="a">83,8</subfield>
    <subfield code="b">&#x414;.401</subfield>
  </datafield>
  <datafield tag="100" ind1=" " ind2=" ">
    <subfield code="a">&#x414;&#x435;&#x444;&#x43E; &#x414;</subfield>
  </datafield>
  <datafield tag="245" ind1=" " ind2="0">
    <subfield code="a">&#x420;&#x43E;&#x431;&#x438;&#x43D;&#x437;&#x43E;&#x43D; &#x41A;&#x440;&#x443;&#x437;&#x43E;</subfield>
  </datafield>
  <datafield tag="264" ind1=" " ind2=" ">
    <subfield code="a">&#x423;&#x43B;&#x430;&#x430;&#x43D;&#x431;&#x430;&#x430;&#x442;&#x430;&#x440;</subfield>
    <subfield code="b">&#x41C;&#x438;&#x440; &#x41D;&#x43E;&#x43C; &#x41F;&#x430;&#x431;&#x43B;&#x438;&#x448;&#x438;&#x43D;&#x433;</subfield>
    <subfield code="c">2018</subfield>
  </datafield>
  <datafield tag="300" ind1=" " ind2=" ">
    <subfield code="a">153&#x445;.</subfield>
  </datafield>
  <datafield tag="336" ind1=" " ind2=" ">
    <subfield code="2">rdacontent</subfield>
    <subfield code="a">text</subfield>
    <subfield code="b">txt</subfield>
  </datafield>
  <datafield tag="337" ind1=" " ind2=" ">
    <subfield code="2">rdamedia</subfield>
    <subfield code="a">unmediated</subfield>
    <subfield code="b">n</subfield>
  </datafield>
  <datafield tag="338" ind1=" " ind2=" ">
    <subfield code="2">rdacarrier</subfield>
    <subfield code="a">volume</subfield>
    <subfield code="b">nc</subfield>
  </datafield>
  <datafield tag="490" ind1=" " ind2=" ">
    <subfield code="a">&#x421;&#x43E;&#x43D;&#x433;&#x43E;&#x434;&#x43E;&#x433; &#x437;&#x43E;&#x445;&#x438;&#x43E;&#x43B;</subfield>
  </datafield>
  <datafield tag="650" ind1=" " ind2=" ">
    <subfield code="a">&#x425;&#x4E9;&#x43B;&#x4E9;&#x433; &#x43D;&#x44C; &#x441;&#x4AF;&#x439;&#x440;&#x441;&#x44D;&#x43D; &#x420;&#x43E;&#x431;&#x438;&#x43D;&#x437;&#x43E;&#x43D; &#x44D;&#x437;&#x433;&#x4AF;&#x439; &#x430;&#x440;&#x430;&#x43B; &#x434;&#x44D;&#x44D;&#x440; &#x445;&#x430;&#x44F;&#x433;&#x434;&#x430;&#x436; &#x438;&#x445;&#x44D;&#x44D;&#x445;&#x44D;&#x43D; &#x445;&#x4AF;&#x43D;&#x434; &#x445;&#x44D;&#x446;&#x4AF;&#x4AF; &#x441;&#x43E;&#x440;&#x438;&#x43B;&#x442;&#x442;&#x43E;&#x439; &#x442;&#x443;&#x43B;&#x433;&#x430;&#x440;&#x43D;&#x430;. &#x42D;&#x43D;&#x44D; &#x44F;&#x432;&#x434;&#x430;&#x43B; &#x430;&#x440;&#x432;&#x430;&#x43D; &#x434;&#x43E;&#x43B;&#x43E;&#x43E; &#x434;&#x443;&#x433;&#x430;&#x430;&#x440; &#x437;&#x443;&#x443;&#x43D;&#x44B; &#x4AF;&#x435;&#x434; ...</subfield>
  </datafield>
  <datafield tag="942" ind1=" " ind2=" ">
    <subfield code="2">NNA</subfield>
    <subfield code="c">BK</subfield>
  </datafield>
  <datafield tag="952" ind1=" " ind2=" ">
    <subfield code="0">0</subfield>
    <subfield code="1">0</subfield>
    <subfield code="4">0</subfield>
    <subfield code="6">838_&#x414;401</subfield>
    <subfield code="7">0</subfield>
    <subfield code="8">BH0164</subfield>
    <subfield code="a">BH0164090</subfield>
    <subfield code="b">BH0164090</subfield>
    <subfield code="c">BH0164</subfield>
    <subfield code="d">2024-07-07</subfield>
    <subfield code="g">13900.00</subfield>
    <subfield code="l">0</subfield>
    <subfield code="o">83,8  &#x414;.401</subfield>
    <subfield code="p">BH01662266-6-1</subfield>
    <subfield code="r">2024-07-07</subfield>
    <subfield code="t">48860</subfield>
    <subfield code="y">BK</subfield>
  </datafield>
  <datafield tag="999" ind1=" " ind2=" ">
    <subfield code="c">1122484</subfield>
    <subfield code="d">1122541</subfield>
  </datafield>
</record>
